| 000 | 00973cam a22002891 4500 | ||
|---|---|---|---|
| 999 |
_c28801 _d28772 |
||
| 001 | 4530653 | ||
| 003 | EG-ScBUE | ||
| 005 | 20200923131009.0 | ||
| 008 | 730109s1961 enk f 000 0 eng d | ||
| 040 |
_aDLC _beng _erda _cDLC _dDLC _dEG-ScBUE |
||
| 043 | _an-us--- | ||
| 082 | 0 | 4 |
_a711.40973 _bJAC _222 |
| 100 | 1 |
_aJacobs, Jane, _d1916-2006, _eauthor. |
|
| 245 | 1 | 4 |
_aThe death and life of great American cities / _cJane Jacobs. |
| 246 | 3 | 4 |
_aDeath and life of great American cities : _bthe failure of town planning |
| 264 | 1 |
_aMiddlesex, England : _bPenguin Books Ltd, _c1961. |
|
| 300 |
_a474 pages : _billustrations ; _c24 cm. |
||
| 336 |
_2rdacontent _atext _btxt |
||
| 337 |
_2rdamedia _aunmediated _bn |
||
| 338 |
_2rdacarrier _avolume _bnc |
||
| 490 | 0 | _aa Pelican book | |
| 650 | 7 |
_aCity planning _zUnited States. _2BUEsh |
|
| 653 |
_bGGEN _cSeptember2020 |
||
| 655 |
_vReading book _934232 |
||
| 906 |
_a7 _bcbc _corignew _du _eocip _f19 _gy-gencatlg |
||
| 942 |
_2ddc _cBB |
||